Cánh đồng phía tây: Tiểu thuyết

Shranjeno v:
Bibliografske podrobnosti
Glavni avtor: Hồ Phương
Format: Knjiga
Jezik:Undetermined
Izdano: Hà Nội QĐND 2004
Teme:
Oznake: Označite
Brez oznak, prvi označite!
Thư viện lưu trữ: Trung tâm Học liệu Trường Đại học Cần Thơ
LEADER 00518nam a2200193Ia 4500
001 CTU_62214
008 210402s9999 xx 000 0 und d
020 |b 48000 
082 |a 895.922334 
082 |b Ph561 
100 |a Hồ Phương 
245 0 |a Cánh đồng phía tây: Tiểu thuyết 
245 0 |c Hồ Phương 
260 |a Hà Nội 
260 |b QĐND 
260 |c 2004 
650 |a vietnamese fiction 
904 |i Minh 
980 |a Trung tâm Học liệu Trường Đại học Cần Thơ